| 000 | 00000nam##2200000za#4500 |
| 001 | 9.602122 |
| 003 | CaOODSP |
| 005 | 20241210082323 |
| 007 | cr ||||||||||| |
| 008 | 150406|1994||||xxc|||||o f|0| 0 fre|d |
| 022 | |a1701-9419 |
| 040 | |aCaOODSP|bfre |
| 043 | |an-cn--- |
| 086 | 1 |aFB3-2/94-9F-PDF |
| 110 | 2 |aBanque du Canada. |
| 245 | 10|aSymétrie des chocs touchant les régions canadiennes et choix d'un régime de change / |h[ressource électronique]|c[par] Alain DeSerres et René Lalonde. |
| 260 | |aOttawa - Ontario : |bBanque du Canada |cNovembre 1994. |
| 300 | |a43p.|bgraphiques, tableaux |
| 490 | 1 |aBanque du Canada - document de travail|x1701-9419|v94-9 |
| 500 | |a«Dans la présente étude, les auteurs tentent de vérifier si le principal avantage du taux de change flexible entre le Canada et les États-Unis, qui est de permettre un ajustement rapide du taux de change réel après un choc asymétrique, se manifeste autant sur le plan régional que sur le plan national.»--Résumé. |
| 500 | |aL'ISBN (0-662-99492-2) et l'ISSN (1192-5434) de l'édition imprimée ont été incorrectement copiés dans l'édition électronique. |
| 504 | |aBibliographie. |
| 520 | 3 |aDans la présente étude, les auteurs tentent de vérifier si le principal avantage du taux de change flexible entre le Canada et les États-Unis, qui est de permettre un ajustement rapide du taux de change réel après un choc asymétrique, se manifeste autant sur le plan régional que sur le plan national.--Résumé |
| 546 | |aAbstract in English. |
| 590 | |a11-19-Supp|b2011-09-23 |
| 691 | 07|aTaux|2gcpds |
| 691 | 07|aMonnaie|2gcpds |
| 691 | 07|aFinances|2gcpds |
| 720 | 1 |aDeSerres, Alain |
| 720 | 1 |aLalonde, René |
| 776 | 0#|tSymétrie des chocs touchant les régions canadiennes et choix d'un régime de change / |w(CaOODSP)9.622974 |
| 830 | #0|aDocument de travail (Banque du Canada)|x1701-9419|v94-9|w(CaOODSP)9.501087 |
| 856 | 40|ahttp://publications.gc.ca|qPDF|s144 Ko|uhttps://publications.gc.ca/collections/Collection/FB3-2-94-9F.pdf|y94-9 |